Datum a čas kvízu
39
Celkem bodů
Celkový počet nahraných bodů na tomto kvízu bez doplňovacích otázek.
1.
Pořadí na kvízu
Konečné umístění týmu na tomto kvízu.
Zaznamenané odpovědi
| # | Otázka | Odpověď | Body | Výsledky |
|---|---|---|---|---|
| 1. | Obličej kterého politika byl v... | Petra Macinky | 1 | |
| 2. | Balendra Šáh se v pátek stal p... | A | 1 | |
| 3. | Ve středu byla zveřejněna prvn... | Harry Potter, HBO | 1 | |
| 4. | Společnost Allwyn AG vstoupila... | Karel Komárek | 1 | |
| 5. | Který hráč zvítězil minulý týd... | Pavel Šulc | 1 | |
| 6. | „Jaké je hlavní město Gabonské... | D | 0 | |
| 7. | AZ Kvíz se na obrazovkách obje... | 1 100 Kč | 1 | |
| 8. | Doplňte tři slova do sloganu s... | který vám zaplatí | 1 | |
| 9. | Pod kterým názvem jsme mohli z... | Rejžuj! | 0 | |
| 10. | Kdo byl moderátorem soutěže, j... | Marek Eben, Valtice | 1 |